[Event "Rouen op 9th"]
[Site "Rouen"]
[Date "2016.12.17"]
[Round "1"]
[White "Garcia, Frederic"]
[Black "Lelievre, Clement"]
[Result "0-1"]
[WhiteElo "1254"]
[BlackElo "1786"]
[PlyCount "58"]
[EventDate "2016.12.17"]
[EventType "swiss"]
[EventRounds "7"]
[EventCountry "FRA"]
[SourceTitle "CBM 176 Extra"]
[Source "ChessBase"]
[SourceDate "2017.03.02"]
[SourceVersion "1"]
[SourceVersionDate "2017.03.02"]
[SourceQuality "1"]

1. e4 d6 2. Nf3 Bg4 3. Be2 c5 4. 0-0 Nc6 5. b3 Nf6 6. d3 g6 7. Bb2 Bg7 8. Nfd2 Bd7 9. Na3 0-0 10. Nac4 b5 11. Ne3 Nxe4 12. Bxg7 Nxd2 13. Qxd2 Kxg7 14. Qc3+ Nd4 15. Qb2 Kg8 16. c3 Nxe2+ 17. Qxe2 Be6 18. Rfe1 a5 19. Qb2 a4 20. c4 axb3 21. axb3 Qb6 22. h3 Rfb8 23. Rxa8 Rxa8 24. Nd5 Bxd5 25. Rxe7 bxc4 26. dxc4 Bxc4 27. Re3 Be6 28. Qc3 d5 29. Re5 Ra3 0-1

[Event "Evry op 2nd"]
[Site "Evry"]
[Date "2006.11.03"]
[Round "4"]
[White "Garcia, Frederic"]
[Black "Cardon, Philippe"]
[Result "1-0"]
[WhiteElo "1967"]
[BlackElo "1830"]
[PlyCount "117"]
[EventDate "2006.11.01"]
[EventType "swiss"]
[EventRounds "7"]
[EventCountry "FRA"]
[SourceTitle "EXT 2007"]
[Source "ChessBase"]
[SourceDate "2006.11.23"]
[SourceVersion "1"]
[SourceVersionDate "2006.11.23"]
[SourceQuality "1"]

1. e4 c5 2. Nc3 Nc6 3. Nf3 d6 4. d4 cxd4 5. Nxd4 a6 6. Be2 g6 7. Be3 Bg7 8. 0-0 Nf6 9. a4 0-0 10. Kh1 Nxd4 11. Bxd4 e5 12. Be3 Be6 13. a5 Rc8 14. Bb6 Qd7 15. Bf3 Bg4 16. Bxg4 Nxg4 17. Nd5 Nf6 18. Nxf6+ Bxf6 19. Qd3 Rc6 20. c4 Qe6 21. b3 Bg5 22. Rfd1 Bf4 23. g3 Bh6 24. Kg2 f5 25. f3 fxe4 26. fxe4 Rf7 27. Rf1 Bf8 28. Rxf7 Qxf7 29. Rf1 Qe6 30. Rf3 Rc8 31. Qf1 Be7 32. Rd3 Rf8 33. Qd1 Kg7 34. Be3 Qf7 35. Rd2 Qe6 36. h3 Rf7 37. h4 h6 38. g4 g5 39. h5 Qd7 40. Rd5 Qc6 41. Bd2 Rf6 42. Qe2 Kf7 43. Rd3 Kg7 44. Rf3 Qd7 45. Rxf6 Bxf6 46. Qf3 Be7 47. Kf2 Qc8 48. Ke2 Qe6 49. Kd3 Qf6 50. Qf5 Qxf5 51. exf5 Kf6 52. Ke4 Bd8 53. Kd5 Bc7 54. b4 Bb8 55. b5 axb5 56. cxb5 Ke7 57. a6 bxa6 58. bxa6 Ba7 59. Bb4 1-0

[Event "Champigny sur Marne op 6th"]
[Site "Champigny sur Marne"]
[Date "2006.02.18"]
[Round "3"]
[White "Bordino, Jean Christophe"]
[Black "Garcia, Frederic"]
[Result "0-1"]
[WhiteElo "1740"]
[BlackElo "1956"]
[PlyCount "44"]
[EventDate "2006.02.16"]
[EventType "swiss"]
[EventRounds "6"]
[EventCountry "FRA"]
[SourceTitle "EXT 2007"]
[Source "ChessBase"]
[SourceDate "2006.11.23"]
[SourceVersion "1"]
[SourceVersionDate "2006.11.23"]
[SourceQuality "1"]

1. d4 d6 2. e4 g6 3. f4 Bg7 4. Nf3 c6 5. Nc3 Qc7 6. Bd3 a5 7. a4 Na6 8. 0-0 Bg4 9. Ne2 Nf6 10. c3 Nd7 11. Qe1 c5 12. d5 0-0 13. Qh4 Bxf3 14. Rxf3 Bf6 15. Qg4 c4 16. Bc2 Nac5 17. Rh3 Nd3 18. Bxd3 cxd3 19. Nd4 Bxd4+ 20. cxd4 Nf6 21. Qh4 Qc2 22. Re3 d2 0-1

[Event "Champigny sur Marne op 6th"]
[Site "Champigny sur Marne"]
[Date "2006.02.17"]
[Round "2"]
[White "Garcia, Frederic"]
[Black "Ton, Stephane1"]
[Result "1-0"]
[WhiteElo "1956"]
[BlackElo "1640"]
[PlyCount "43"]
[EventDate "2006.02.16"]
[EventType "swiss"]
[EventRounds "6"]
[EventCountry "FRA"]
[SourceTitle "EXT 2007"]
[Source "ChessBase"]
[SourceDate "2006.11.23"]
[SourceVersion "1"]
[SourceVersionDate "2006.11.23"]
[SourceQuality "1"]

1. d4 d5 2. c4 c6 3. Nf3 Nf6 4. Nc3 Bf5 5. Qb3 Qb6 6. Qxb6 axb6 7. cxd5 cxd5 8. Bf4 Kd8 9. Ne5 Be6 10. e3 Nh5 11. Bb5 Nxf4 12. exf4 f6 13. f5 Bg8 14. Nf3 g6 15. Nh4 gxf5 16. Nxf5 e6 17. Ng3 Bf7 18. 0-0 Bd6 19. a3 Na6 20. Na4 Bc7 21. Rac1 Nb8 22. Rc3 1-0

[Event "Champigny sur Marne op"]
[Site "Champigny sur Marne"]
[Date "2005.03.??"]
[Round "1"]
[White "Mehaibia, Azzedine"]
[Black "Garcia, Frederic"]
[Result "1-0"]
[WhiteElo "2146"]
[BlackElo "1860"]
[PlyCount "47"]
[EventDate "2005.03.??"]
[EventType "swiss"]
[EventRounds "7"]
[EventCountry "FRA"]
[SourceTitle "EXT 2007"]
[Source "ChessBase"]
[SourceDate "2006.11.23"]
[SourceVersion "1"]
[SourceVersionDate "2006.11.23"]
[SourceQuality "1"]

1. e4 c5 2. Nf3 d6 3. d4 cxd4 4. Nxd4 Nf6 5. Nc3 a6 6. Bg5 e6 7. f4 Qc7 8. Qf3 b5 9. 0-0-0 Nbd7 10. Bd3 Be7 11. Rhe1 Bb7 12. Qg3 Nc5 13. e5 dxe5 14. fxe5 b4 15. Nf5 bxc3 16. Nxg7+ Kf8 17. Bh6 Qb6 18. bxc3 Nxd3+ 19. Rxd3 Ba3+ 20. Kd2 Ne4+ 21. Rxe4 Bxe4 22. Nh5+ Ke8 23. Nf6+ Ke7 24. Rd7# 1-0

[Event "Champigny sur Marne op"]
[Site "Champigny sur Marne"]
[Date "2005.03.??"]
[Round "3"]
[White "Truitard, Jean Francois"]
[Black "Garcia, Frederic"]
[Result "0-1"]
[WhiteElo "1580"]
[BlackElo "1860"]
[PlyCount "64"]
[EventDate "2005.03.??"]
[EventType "swiss"]
[EventRounds "7"]
[EventCountry "FRA"]
[SourceTitle "EXT 2007"]
[Source "ChessBase"]
[SourceDate "2006.11.23"]
[SourceVersion "1"]
[SourceVersionDate "2006.11.23"]
[SourceQuality "1"]

1. d4 d5 2. c4 c6 3. Nf3 Nf6 4. Nc3 a6 5. e3 Nbd7 6. Bd3 e6 7. 0-0 dxc4 8. Bxc4 b5 9. Bd3 Bb7 10. e4 Be7 11. e5 Nd5 12. Nxd5 cxd5 13. a3 Rc8 14. b3 0-0 15. Bb2 f6 16. Rc1 fxe5 17. Nxe5 Nxe5 18. dxe5 Rf7 19. Qh5 g6 20. Bxg6 hxg6 21. Qxg6+ Rg7 22. Qxe6+ Kh8 23. Qh6+ Rh7 24. e6+ d4 25. Qf4 Bf6 26. Rfd1 Rh4 27. Qd2 Rxc1 28. Qxc1 Rg4 29. Qh6+ Kg8 30. g3 Qd5 31. Kf1 Qg2+ 32. Ke2 Qf3+ 0-1